000 00462nam a2200181Ia 4500
001 10098
003 IN-NITTTR
005 20251114233054.0
008 251113s9999||||xx |||||||||||||| ||eng||
040 _beng
040 _cIN-NITTTR
041 _aeng
082 _a370.193 H299S
100 _aHavighurst, Robert J.
245 0 _aSociety and education /
_cHavighurst, Robert J., Neugarten, Bernice L.
700 _a Neugarten, Bernice L.
942 _2ddc
_cBK
999 _c12735
_d12735